Rojo y negro / (Record no. 4725)
[ view plain ]
| 000 -CABECERA | |
|---|---|
| campo de control de longitud fija | 00842nam a2200241 a 4500 |
| 001 - NÚMERO DE CONTROL | |
| campo de control | 000004919 |
| 005 - FECHA Y HORA DE LA ÚLTIMA TRANSACCIÓN | |
| campo de control | 20200929151533.0 |
| 008 - DATOS DE LONGITUD FIJA--INFORMACIÓN GENERAL | |
| campo de control de longitud fija | 950302s1985 sp 000 f spa |
| 040 ## - FUENTE DE LA CATALOGACIÓN | |
| Centro catalogador/agencia de origen | DO-SdBNP |
| Lengua de catalogación | spa |
| Centro/agencia transcriptor | BNPHU |
| 041 17 - CÓDIGO DE LENGUA | |
| Código de lengua del texto/banda sonora o título independiente | spa |
| Código de lengua original | fre |
| 082 ## - NÚMERO DE LA CLASIFICACIÓN DECIMAL DEWEY | |
| Número de clasificación | 843.7 |
| Número de documento/Ítem | S825ro |
| 100 1# - ENTRADA PRINCIPAL--NOMBRE DE PERSONA | |
| Nombre de persona | Stendhal |
| Forma completa/desarrollada del nombre | (Marie Henri Beyle), |
| Fechas asociadas al nombre | 1783-1842. |
| 9 (RLIN) | 14223 |
| 245 10 - MENCIÓN DE TÍTULO | |
| Título | Rojo y negro / |
| Mención de responsabilidad, etc. | Stendhal ; traducción, Emma Calatayud. |
| 260 ## - PUBLICACIÓN, DISTRIBUCIÓN, ETC. | |
| Lugar de publicación, distribución, etc. | Santiago, Chile : |
| Nombre del editor, distribuidor, etc. | Ercilla, |
| Fecha de publicación, distribución, etc. | 1985. |
| 300 ## - DESCRIPCIÓN FÍSICA | |
| Extensión | v. ; |
| Dimensiones | 18 cm. |
| 490 1# - MENCIÓN DE SERIE | |
| Mención de serie | Los Mejores Libros de la Literatura Universal |
| Designación de volumen o secuencia | 14 |
| 490 1# - MENCIÓN DE SERIE | |
| Mención de serie | Biblioteca Ercilla |
| 500 ## - NOTA GENERAL | |
| Nota general | La bibliteca posee el v. 2 |
| 650 #4 - PUNTO DE ACCESO ADICIONAL DE MATERIA--TÉRMINO DE MATERIA | |
| Término de materia o nombre geográfico como elemento de entrada | Novela francesa |
| 9 (RLIN) | 1075 |
| 650 #4 - PUNTO DE ACCESO ADICIONAL DE MATERIA--TÉRMINO DE MATERIA | |
| Término de materia o nombre geográfico como elemento de entrada | Literatura francesa |
| Subdivisión cronológica | SIGLO XIX |
| 9 (RLIN) | 5031 |
| 700 1# - PUNTO DE ACCESO ADICIONAL--NOMBRE DE PERSONA | |
| Nombre de persona | Calatayud, Emma, |
| Término indicativo de función/relación | tr. |
| 9 (RLIN) | 13358 |
| 830 #0 - PUNTO DE ACCESO ADICIONAL DE SERIE-TÍTULO UNIFORME | |
| Título uniforme | Los Mejores Libros de la Literatura Universal ; |
| Número de parte o sección de la obra | 14 |
| Nombre de parte o sección de la obra | Biblioteca Ercilla |
| 9 (RLIN) | 14224 |
| Estado de retiro | Estado de pérdida | Restricciones de uso | No para préstamo | Código de colección | Localización permanente | Ubicación/localización actual | Ubicación en estantería | Fecha de adquisición | Número de inventario | Total de préstamos | Signatura topográfica completa | Código de barras | Fecha visto por última vez | Precio válido a partir de | Tipo de ítem Koha |
|---|---|---|---|---|---|---|---|---|---|---|---|---|---|---|---|
| Excluido de préstamo | Monografías: Libros y Folletos | General | General | Depósito | 27.07.2009 | LF1 | t. 2 | 4919-10 | 25.06.2020 | 25.06.2020 | No se presta |
